000 00551nam a2200193Ia 4500
003 GCL
008 140319s9999 xx 000 0 ara d
040 _aGCL /
_cGCL
082 0 4 _aق
_b953.073
_bم م
245 1 0 _aمصر القديمة مصر الاسلامية
300 _a308 ص
490 _a
650 0 4 _aالدولة الفاطمية
650 0 4 _aالدولة الاخشيدية
650 0 4 _aالدولة الايوبية
650 0 4 _aفتح مصر
650 0 4 _aمصر - تاريخ - العصر الاسلامى
942 _2ddc
_cBK
999 _c49563
_d49563